000 01186nam a2200349Ia 4500
008 130821s2004 sp gr spa
020 _a8481647268
040 _aCo-BoUCM
_bspa
041 0 0 _aspa
100 1 _aSchopenhauer, Arthur
245 1 3 _aEl mundo como voluntad y representación
_cArthur Schopenhauer; traducción de Pilar López de Santa María
260 _aBarcelona (España)
_bEditorial Trotta
_c2004
300 _a2 volúmenes
490 _aClásicos de la Cultura
_v24
490 _aClásicos de la Cultura
_v29
650 0 4 _aCosmología
_912048
650 0 4 _aÉtica
650 0 4 _aFilosofía alemana
_9201
650 0 4 _aFilosofía de la ciencia
_915753
650 0 4 _aFilosofía de la naturaleza
_97623
650 0 4 _aFilosofía de la razón
_915773
650 0 4 _aFilosofía
_975
650 0 4 _aMetafísica
_919397
650 0 4 _aPsicoanálisis
_922781
650 0 4 _aRepresentación (Filosofía)
650 0 4 _aTeoría del conocimiento
_9403
650 0 4 _aVoluntad
_926364
700 1 _aLopez De Santa María Pilar
_etrad.
765 1 0 _aDie welt als wille und vorstellung
942 _cLIBRO
_a2
_e1
_mS373m
_2DEWEY
_h193
999 _c48182
_d48182